Γνώθι το curriculum : γενικά και ειδικά θέματα αναλυτικών προγραμμάτων και διδακτικής

Αποθηκεύτηκε σε:
Λεπτομέρειες βιβλιογραφικής εγγραφής
Κύριος συγγραφέας: Χατζηγεωργίου, Γιάννης
Μορφή: Βιβλίο
Γλώσσα:Greek
Δημοσίευση: Ζεφύρι Αττικής : Διάδραση, [2012].
Θέματα:
Ετικέτες: Προσθήκη ετικέτας
Δεν υπάρχουν, Καταχωρήστε ετικέτα πρώτοι!

MARC

LEADER 00000cam a2200000 i 4500
001 1/29388
008 130514s2012 gr | ||| |||| ||gre||
020 |a 9789609539647 
035 |l 10114368 
040 |a GR-MY-UA  |b gre  |e aacr 
041 0 |a gre 
082 7 |a 375   |2 (21) 
100 1 |a Χατζηγεωργίου, Γιάννης. 
245 1 0 |a Γνώθι το curriculum :   |b γενικά και ειδικά θέματα αναλυτικών προγραμμάτων και διδακτικής /   |c Χατζηγεωργίου Γιάννης.  
260 |a Ζεφύρι Αττικής :   |b Διάδραση,   |c [2012].  
300 |a 662 σ. ;   |c 24 εκ. 
504 |a Περιέχει βιβλιογραφικές παραπομπές. 
650 0 0 |a Education  |x Curricula. 
650 0 0 |a Education  |z Greece  |x Curricula. 
650 0 0 |a Curriculum planning  |z Greece. 
852 |a INST  |b RHODES  |c EUDOXUS  |e 20130514  |h 375 ΧΑΤ  |p 005400035173  |q 005400035173  |t EDX  |y 0 
852 |a INST  |b RHODES  |c EUDOXUS  |e 20211206  |h 375 ΧΑΤ  |p 005400042449  |q 005400042449  |t EDX  |y 0 
901 |a BIBL4-2013-2 
909 |a Ρ  |b 176702 
920 |a ΕΥΔΟΞΟΣ  |b ΠΑΡΑΓΓΕΛΙΑ  |y Ρόδος-ΤΕΠΑΕΣ  |z 2013-04 
920 |a Εύδοξος  |b Επιστροφή  |y Ρόδος  |z 2021-12 
970 |z 2013/05/14